| 000 | 00441nab a2200145Ia 4500 | ||
|---|---|---|---|
| 003 | ES-SlBCS | ||
| 005 | 20210601125340.0 | ||
| 008 | 140529s1968 xxu||||| |||| 00| 0 eng d | ||
| 041 | _aeng | ||
| 100 | 1 |
_aAckermann, Robert _9155062 |
|
| 245 | 0 | 0 |
_aConsistency and Ethic _c Robert Ackermann |
| 650 | 0 | 4 |
_aCoherencia-Ética _9157121 |
| 773 | 0 |
_tProceedings of the Aristotelian Society _gvol. 69, nº. 1, 1968, págs. 73-86 _wRev837 |
|
| 942 | _cAR | ||
| 999 |
_c528917 _d528917 |
||